000 01571cam a22004694i 4500
003 PE-LiUPU
005 20250731173113.0
008 190103s2018 miu r 000 0 eng
020 _a0801013232
020 _a9780801013232
035 _a(Sirsi) a251296
049 _aPRUA
082 0 4 _a261.203
_bT46
_223
245 0 4 _aThe Evangelical dictionary of world religions /
_cH. Wayne House, ed.
264 1 _aGrand Rapids :
_bBaker Publishing Group,
_c2018.
300 _axxv, 597 páginas ;
_c25 centímetros
336 _atext
_2rdacontent
337 _aunmediated
_2rdamedia
338 _avolume
_2rdacarrier
505 0 _aList of entries -- Contributors -- Acknowledgments -- Introduction -- Abbreviations -- Dictionary entries.
526 _aSEG42
526 _aSEG41
526 _aSEG40
526 _aSEG39
526 _aP94
526 _aP87
526 _aP86
526 _aP85
526 _aP77
526 _aP76
526 _aP35
650 0 _aCristianismo y otras religiones
_vDiccionarios.
650 0 _aCristianismo
_vDiccionarios.
650 0 _aReligiones
_vDiccionarios.
700 1 _aHouse, H. Wayne,
_eeditor.
910 _adbm
_brri
_crri
_d20190103
942 _2ddc
_cBOOK
994 _aC0
_bPEPRU
596 _a1
999 _a261.203 T46
_wDEWEY
_c30715
_i79849
_d30715
_f2021-11-10
_g4
_lCCODEBUL1
_mBUL
_p30.00
_q1
_r0
_sY
_tBOOK
_u2019-1-3
_xTEOLOGIA
_PP85
_0DONACION
_1FCOMPR2
_o.STAFF. Colección Teología
980 _81
_gALBERTO SANCHEZ Responsable de Automatización